Flight / (Record no. 5568)
[ view plain ]
| 000 -LEADER | |
|---|---|
| fixed length control field | 00847nam a22002777a 4500 |
| 001 - CONTROL NUMBER | |
| control field | 5568 |
| 003 - CONTROL NUMBER IDENTIFIER | |
| control field | FISKH |
| 005 - DATE AND TIME OF LATEST TRANSACTION | |
| control field | 20250828103556.0 |
| 008 - FIXED-LENGTH DATA ELEMENTS--GENERAL INFORMATION | |
| fixed length control field | 241218b cb ||||| |||| 00| 0 eng d |
| 020 ## - INTERNATIONAL STANDARD BOOK NUMBER | |
| International Standard Book Number | 9781740898027 |
| 040 ## - CATALOGING SOURCE | |
| Original cataloging agency | FISKH |
| Language of cataloging | eng |
| Transcribing agency | FISKH |
| Modifying agency | FISKH |
| 050 ## - LIBRARY OF CONGRESS CALL NUMBER | |
| Classification number | PZ7 |
| 082 ## - DEWEY DECIMAL CLASSIFICATION NUMBER | |
| Classification number | 629.133 |
| 100 ## - MAIN ENTRY--PERSONAL NAME | |
| Personal name | Coupe, Robert |
| 245 ## - TITLE STATEMENT | |
| Title | Flight / |
| Statement of responsibility, etc. | Robert Coupe |
| 260 ## - PUBLICATION, DISTRIBUTION, ETC. | |
| Place of publication, distribution, etc. | Sydney : |
| Name of publisher, distributor, etc. | Weldon Owen, |
| Date of publication, distribution, etc. | 2008. |
| 300 ## - PHYSICAL DESCRIPTION | |
| Extent | 31 pages : |
| Other physical details | color illustrations ; |
| Dimensions | 23 cm |
| 490 ## - SERIES STATEMENT | |
| Series statement | Top Readers |
| 505 ## - FORMATTED CONTENTS NOTE | |
| Formatted contents note | R<br/> |
| 520 ## - SUMMARY, ETC. | |
| Summary, etc. | Birds have wings so that they can fly. But how have humans managed to fly? We flew in many machines before Aeroplanes were invented. Read about what they were! |
| 521 8# - TARGET AUDIENCE NOTE | |
| Target audience note | 770<br/> |
| Source | Lexile estimate<br/> |
| 521 8# - TARGET AUDIENCE NOTE | |
| Target audience note | R<br/> |
| Source | Raz-Plus<br/> |
| 650 ## - SUBJECT ADDED ENTRY--TOPICAL TERM | |
| Topical term or geographic name entry element | Aeroplane |
| Source of heading or term | Fly |
| 942 ## - ADDED ENTRY ELEMENTS (KOHA) | |
| Source of classification or shelving scheme | Dewey Decimal Classification |
| Koha item type | Books |
| Suppress in OPAC | No |
| Withdrawn status | Lost status | Source of classification or shelving scheme | Damaged status | Not for loan | Collection | Home library | Current library | Shelving location | Date acquired | Total Checkouts | Full call number | Barcode | Date last seen | Date last checked out | Price effective from | Koha item type | Copy number |
|---|---|---|---|---|---|---|---|---|---|---|---|---|---|---|---|---|---|
| Dewey Decimal Classification | Juvenile Fiction | Footprints International School Library Network Toul Kork Campus | Footprints International School Library Network Toul Kork Campus | TK Primary Library Room(4th Floor), Bookcase 5&6, Shelves 33-56, Orange Books | 12/18/2024 | 1 | COU 629.133 PZ7 | FISTK01036 | 10/23/2025 | 10/16/2025 | 12/18/2024 | Books | |||||
| Dewey Decimal Classification | Juvenile Fiction | Footprints International School Library Network Toul Tom Poung Campus | Footprints International School Library Network Toul Tom Poung Campus | TTP Primary Orange Bookshelves | 08/07/2025 | COU 629.133 PZ7 | FIS01499 | 08/07/2025 | 08/07/2025 | Books | 2 | ||||||
| Dewey Decimal Classification | Juvenile Fiction | Footprints International School Library Network Toul Tom Poung Campus | Footprints International School Library Network Toul Tom Poung Campus | TTP Primary Orange Bookshelves | 08/28/2025 | COU 629.133 PZ7 | FISBK00043 | 08/28/2025 | 08/28/2025 | Books | 3 |
